LEADER 01108nam 2200325 450 001 996680480603316 005 20251008152227.0 100 $a20251008d1964----km y0itay5003 ba 101 0 $aita$ceng 102 $aIT 105 $ay 00 y 200 1 $aStoria del cinema russo e sovietico$fJay Leyda$gtraduzione di Luisa Pavolini 210 $aMilano$cClub degli editori$d1964 215 $a2 volumi (710 p., [32] p. di tav.)$cill.$d21 cm 225 Sa$aSaggi$v19; 23 300 $aEdizione su licenza della casa editrice Il Saggiatore riservata agli aderenti al Club degli Editori 410 $12001$aSaggi$v19; 23 454 1$12001$aKino : a history of the Russian and Soviet Film$94442614 606 0 $aCinema russo$xStoria$2BNCF 676 $a91.430947 700 1$aLEYDA,$bJay$0193040 702 1$aPAVOLINI,$bLuisa 801 0$aIT$bcba$gREICAT 912 $a996680480603316 951 $aXVI.7.F. 157 1$bFBUO$cXVI.7.F. 951 $aXVI.7.F. 157 2$bFBUO$cXVI.7.F. 959 $aBK 969 $aFBUO 996 $aKino : a history of the Russian and Soviet Film$94442614 997 $aUNISA